000 00222nam a22000857a 4500
008 161116b xxu||||| |||| 00| 0 eng d
100 _91266
_aSequiera. M
245 _aThe stowaway
260 _aNew delhi
_bNational book trust
_c2005
999 _c3969
_d3969